000
00205 a2200097 4500
001
48760
100
_a
Ramsey
245
_a
Dynamics Pt 1
260
_a
New Delhi
_b
CBS publishers
_c
090
_c
31661
_d
31661
942
_a
NUST-CAE
_c
M
_c
24071
999
_c
283833
_d
283833